[Event "Montreal Varennes U1800 op"]
[Site "Montreal"]
[Date "2011.11.06"]
[Round "5"]
[White "Morinvil, Geffrard"]
[Black "Duplessis, Jean Roch"]
[Result "0-1"]
[WhiteElo "1733"]
[BlackElo "1691"]
[PlyCount "54"]
[EventDate "2011.11.04"]
[EventType "swiss"]
[EventRounds "5"]
[EventCountry "CAN"]
[SourceTitle "EXT 2022"]
[Source "ChessBase"]
[SourceDate "2021.10.06"]
[SourceVersion "1"]
[SourceVersionDate "2021.10.06"]
[SourceQuality "1"]

1. d4 Nf6 2. c4 e6 3. Nc3 b6 4. Nf3 Bb7 5. g3 Bxf3 6. exf3 c6 7. d5 cxd5 8. cxd5 Nxd5 9. Nxd5 exd5 10. Qxd5 Bb4+ 11. Bd2 Qe7+ 12. Be2 Bxd2+ 13. Qxd2 0-0 14. 0-0 Nc6 15. Rfe1 Qf6 16. Rad1 Rfe8 17. f4 d5 18. Bf3 Rxe1+ 19. Rxe1 Nd4 20. Bxd5 Rd8 21. Bg2 h5 22. Qc1 Qd6 23. Qc4 b5 24. Qd3 Qb4 25. Qb1 Ne6 26. Re4 Qd2 27. Bf1 a6 0-1

[Event "Montreal Varennes U1800 op"]
[Site "Montreal"]
[Date "2011.11.06"]
[Round "4"]
[White "Plante, Marc Eric"]
[Black "Morinvil, Geffrard"]
[Result "1-0"]
[WhiteElo "1655"]
[BlackElo "1733"]
[PlyCount "84"]
[EventDate "2011.11.04"]
[EventType "swiss"]
[EventRounds "5"]
[EventCountry "CAN"]
[SourceTitle "EXT 2022"]
[Source "ChessBase"]
[SourceDate "2021.10.06"]
[SourceVersion "1"]
[SourceVersionDate "2021.10.06"]
[SourceQuality "1"]

1. e4 c5 2. Nf3 d6 3. d4 cxd4 4. Nxd4 Nf6 5. Nc3 a6 6. Be3 e6 7. f3 Qc7 8. g4 Be7 9. Qd2 b5 10. 0-0-0 Bb7 11. g5 Nfd7 12. h4 Ne5 13. Qg2 Nbc6 14. Nxc6 Qxc6 15. Kb1 b4 16. Ne2 Nc4 17. Bc1 e5 18. Ng3 g6 19. Bxc4 Qxc4 20. Nf1 0-0 21. Ne3 Qe6 22. Nd5 Bxd5 23. exd5 Qd7 24. h5 a5 25. hxg6 fxg6 26. Rh3 Rf7 27. Rdh1 Rc8 28. Qh2 Bd8 29. f4 exf4 30. Bxf4 Bb6 31. Bxd6 Rf2 32. Qg3 Rcxc2 33. Be5 Qf5 34. Qd3 Qxe5 35. Qxc2 Rxc2 36. Kxc2 Qxd5 37. Rxh7 Bd4 38. R7h4 Qxg5 39. Rxd4 Qg2+ 40. Kb3 Qxh1 41. a4 Qc6 42. Rd8+ Kh7 1-0

[Event "Quebec op U2000"]
[Site "Montreal"]
[Date "2001.07.25"]
[Round "6"]
[White "Gilbert, Erick"]
[Black "Morinvil, Geffrard"]
[Result "1-0"]
[WhiteElo "1851"]
[BlackElo "1733"]
[PlyCount "67"]
[EventDate "2001.07.21"]
[EventType "swiss"]
[EventRounds "9"]
[EventCountry "CAN"]
[SourceTitle "EXT 2022"]
[Source "ChessBase"]
[SourceDate "2021.10.06"]
[SourceVersion "1"]
[SourceVersionDate "2021.10.06"]
[SourceQuality "1"]

1. Nf3 b6 2. g3 Bb7 3. Bg2 e6 4. c4 f5 5. 0-0 Nf6 6. d3 Be7 7. Nc3 0-0 8. a3 a5 9. Rb1 Na6 10. Bd2 Qe8 11. Re1 Qh5 12. h3 d6 13. e4 fxe4 14. Ng5 e5 15. Ngxe4 Qxd1 16. Rbxd1 Nxe4 17. Nxe4 Nc5 18. Nxc5 Bxg2 19. Ne6 Bf3 20. Nxf8 Bxd1 21. Ne6 Bc2 22. Nxc7 Ra7 23. Nd5 Bxd3 24. Nxb6 Rb7 25. Nd5 Bxc4 26. Nxe7+ Rxe7 27. Bxa5 d5 28. Bc3 d4 29. Bxd4 e4 30. f3 Bd3 31. fxe4 Bxe4 32. b4 Kf7 33. b5 g6 34. a4 1-0